Normal view MARC view

Entry Personal Name

Number of records used in: 1

001 - CONTROL NUMBER

  • control field: 8967

003 - CONTROL NUMBER IDENTIFIER

  • control field: DLC

005 - DATE AND TIME OF LATEST TRANSACTION

  • control field: 20220103150425.0

008 - FIXED-LENGTH DATA ELEMENTS

  • fixed length control field: 101109n| acannaabn |n aaa c

010 ## - LIBRARY OF CONGRESS CONTROL NUMBER

  • LC control number: no2010182343

035 ## - SYSTEM CONTROL NUMBER

  • System control number: (OCoLC)oca08682114

040 ## - CATALOGING SOURCE

  • Original cataloging agency: NjBlaOCU
  • Language of cataloging: eng
  • Transcribing agency: NjBlaOCU

100 1# - HEADING--PERSONAL NAME

  • Personal name: Ligh, Michael Hale

670 ## - SOURCE DATA FOUND

  • Source citation: Malware analyst's cookbook and DVD, c2011:
  • Information found: t.p. (Michael Hale Ligh) p. 4 of cover (malicious code analyst, Verisign iDefense; chief of special projects, MNIN Security)

Powered by Koha